000 00486nam a2200169 i 4500
001 93690
003 ES-MaACL
005 20230906181308.0
007 t|
008 050418s1971 sp ||||1| spa d
100 1 _aLópez Cuadra, Antonio.
_973519
245 1 0 _a"Brisa de siempre" /
_cAntonio López Cuadra.
260 _aAlmería :
_b[s.n.],
_c1971 (
_fImp. Granada)
300 _a146 p. con 1 lám. (1) ;
_c22 cm.
500 _a(1) Retr. Aut.
852 _aES-MaACL
_jC-44612
_bR.78402
999 _c93690
_d93690